| 000 | 00578nam a22001457a 4500 | ||
|---|---|---|---|
| 999 |
_c1283 _d1283 |
||
| 008 | 150528b xxu||||| |||| 00| 0 eng d | ||
| 020 | _a9788472082008 | ||
| 050 | _aRA 440.5 .A38 1996 | ||
| 100 | _aAguilar, Isidro & Galbes, Herminia. | ||
| 245 |
_aEncyclopedia of Health and Education for the Family. _cIsidro Aguilar & Herminia Galbes |
||
| 260 |
_aSpain _bEditorial Safeliz. _c1996 |
||
| 300 |
_a400p:. _bill.; _c28cm |
||
| 440 | _aEncyclopedia of Health and Education for the Family. | ||
| 650 | _aHealth and education for the family | ||
| 942 |
_2lcc _cBOOKS _hRA 440.5 .A38 1996 _kRA _m440.5 .A38 1996 |
||